| 000 | 00574nam a2200217 a 4500 | ||
|---|---|---|---|
| 001 | BRCA_3608 | ||
| 005 | 20190320204342.0 | ||
| 008 | 120809s1958----fr-a---###---#000-0#fre-# | ||
| 041 | _afre | ||
| 044 | _afr | ||
| 050 | 4 |
_aND801 _b.R68 1958 |
|
| 100 | 1 |
_aRouchés, Gabriel _99359 |
|
| 245 | 1 | 0 |
_aLa peinture espagnole des origines aux XXe siècle _cGabriel Rouchés. |
| 260 |
_aParis _bA. Michel _c1958 |
||
| 300 |
_a462 p. _bil. _c22 cm. |
||
| 500 | _aB278 | ||
| 650 | 1 | 4 |
_aPintura española _97790 |
| 650 | 1 | 4 |
_aPintura _xHistoria _99360 |
| 902 | _aGFM | ||
| 942 |
_2lcc _cB |
||
| 999 |
_c3343 _d3343 |
||